Les idées modernes sur les enfants (Registro nro. 307665)

Detalles MARC
000 -ENCABEZADO
Número de control [NR] 01685nam a2200289Ia 4500
005 - FECHA Y HORA DE LA ÚLTIMA TRANSACCIÓN
control field 20171013111543.0
008 - DE LONGITUD FIJA DE DATOS DE ELEMENTOS - INFORMACIÓN GENERAL
Elementos de longitud fija [NR] 130821s1932 fr fr 1 fre
040 ## - FUENTE DE CATALOGACION [NR]
Agencia de catalogación original [NR] Co-BoUCM
Idioma de catalogación [NR] spa
Quien Cataloga Sandra Yazo
Quien Clasifica Sandra Yazo
041 0# - CODIGO DE IDIOMA [R]
Código de idioma para texto/pista de sonido o título separado [R] Francés
082 04 - NUMERO DE CLASIFICACION DECIMAL DEWEY [R]
Número de clasificación [R] 371.8
Número de la edición [NR] 20
092 ## - SIGNATURA TOPOGRAFICA LOCAL
Número de clasificación local E44N037
100 1# - ASIENTO PRINCIPAL--NOMBRE PERSONAL [NR]
Nombre personal [NR] Binet, Alfred
Fechas asociadas con el nombre [NR] 1857-1911
ID Autoridad 87725
242 00 - TRADUCCION DEL TITULO POR LA AGENCIA CATALOGADORA [R]
Título [NR] Conceptos modernos sobre los niños
Mención de responsabilidad, etc. [NR] Alfredo Binet
Código de idioma del título traducido [NR] spa
245 10 - MENCION DE TITULO [NR]
Título [NR] Les idées modernes sur les enfants
Mención de responsabilidad, etc. [NR] Alfred Binet
260 ## - PUBLICACION, DISTRIBUCION, ETC. (PIE DE IMPRENTA) [R]
Lugar de publicación, distribución, etc. [R] París (Francia)
Nombre del editor, distribuidor, etc. [R] Ernest Flammarion [Ernesto Flammarion]
Fecha de publicación, distribución, etc. [R] 1932
300 ## - DESCRIPCION FISICA [R]
Extensión [R] 348 páginas
Dimensiones [R] 18 x 12 cm.
490 ## - MENCION DE SERIE [R]
Mención de serie [R] Bibliothèque de philosophie scientifique [Biblioteca de filosofía científica]
500 ## - NOTA GENERAL [R]
Nota general [NR] Detalles físicos: Encuadernación rígida (holandesa) en cartón duro forrado en papel jaspeado con lomo en tela con adornos en dorado. Conserva guardas, hoja de cortesía y anteportada. Portada sencilla impresa a una sola tinta, con diferentes tipos de letra. Texto impreso en una sola columna. Notas de pie de página. Papel manchado. Márgenes amplios. Algunas tablas entre el texto (Págs. 57, 76, 77, 183)
505 0# - NOTA DE CONTENIDO CON FORMATO PREESTABLECIDO [R]
Nota de contenido con formato preestablecido [NR] Propósito de este libro ; El niño en la escuela ; El cuerpo del niño ; Visión y audición ; La inteligencia: medida y educación ; La memoria ; Las aptitudes ; La pereza y la educación moral ; Dos palabras de conclusión
506 ## - NOTA DE RESTRICCIONES DE ACCESO [R]
Condiciones de acceso [NR] Consulta en sala
546 ## - NOTA DE IDIOMA [R]
Nota de idioma [NR] Texto en francés
650 #7 - ASIENTO SECUNDARIO DE MATERIA - TERMINO TEMATICO [R]
Término temático o nombre geográfico como elemento de entrada [NR] Educación de niños
9 (RLIN) 13801
650 #7 - ASIENTO SECUNDARIO DE MATERIA - TERMINO TEMATICO [R]
Término temático o nombre geográfico como elemento de entrada [NR] Escuelas
9 (RLIN) 14818
690 ## - ASUNTO AGREGADO LOCAL DE ENTRADA - TÉRMINO TEMÁTICO (OCLC, RLIN)
Acceso temático local Teoría de la educación
9 (RLIN) 25273
856 41 - LOCALIZACION Y ACCESO ELECTRONICOS [R]
Identificador Uniforme del Recurso (“URI”) [R] <a href="http://gallica.bnf.fr/ark:/12148/bpt6k679262">http://gallica.bnf.fr/ark:/12148/bpt6k679262</a>
Nota dirigida al público [R] Disponible en línea edición de 1909
942 ## - ELEMENTOS DE ENTRADA AGREGADOS (KOHA)
Tipo de ítem principal el descrito en 300a Libro
Edición 1
Sistema de clasificación LOCAL
Clasificación E44N037
Existencias
Suprimido Perdido Sistema de clasificación Dañado No prestable Tipo de ítem específico Ubicación habitual Ubicación actual Localización Fecha de creación Forma de adquisición Costo Total préstamos Signatura topográfica Código de barras Última vez visto Ejemplar Price effective from Tipo de ítem
    LOCAL     Libro archivo Archivo Histórico Archivo Histórico Archivo histórico 13/10/2017 Donación 0.00   E44N037 L006343 13/10/2017 Ej.1 13/10/2017 Libro